00526cam a2200193 a 4500001000800000005001700008008004100025010001700066020001500083040002300098041000800121060001700129080002000146082002400166100000600190101000800196245006400204504006400268106985420180809061237.0910501s1991 nyua b 001 0 eng c a 91016595  a0879935138 aDNLM/DLCcDLCdDLC aeng aWS 290 R616d a616.053 RIV00a616.053 RIV2201 a7 aKAR14aThe developing myocardium /cEmma Riva and David J. Hearse. aIncludes bibliographical references (p. 109-127) and index.